000 00603nam a2200181Ia 4500
008 090124s9999 xx 000 0 und d
082 _b5586
_a438
100 _aमाटे श्रीपाद महादेव
245 _a परशुराम -चरित्र
250 _a1
260 _c1937
300 _a184
600 _aमाटे श्रीपाद महादेव
630 _a परशुराम -चरित्र
700 _aमाटे श्रीपाद महादेव
730 _a परशुराम -चरित्र
942 _cBOOK
999 _c119527
_d119527